MARC-Details
| 000 -Satzkennung |
| Kontrollfeld mit fester Länge |
01743cam a2200505 4500 |
| 001 - Kontrollnummer |
| Kontrollfeld |
1615275665 |
| 003 - Kontrollnummer Identifier |
| Kontrollfeld |
DE-627 |
| 005 - Datum und Zeit der letzten Transaktion |
| Kontrollfeld |
20230818090344.0 |
| 007 - Feld mit fester Länge zur physischen Beschreibung - Allgemeine Information |
| Kontrollfeld mit fester Länge |
tu |
| 008 - Feld mit fester Länge zur physischen Beschreibung - Allgemeine Angaben |
| Kontrollfeld mit fester Länge |
970619s1997 xx ||||| 00| ||ger c |
| 015 ## - Nummer der Nationalbibliografie |
| Nummer der Nationalbibliografie |
97,A24,1404 |
| Quelle |
dnb |
| 016 7# - Kontrollnummer der nationalbibliografischen Agentur |
| Datensatzkontrollnummer |
950342300 |
| Quelle |
DE-101 |
| 020 ## - Internationale Standardbuchnummer |
| Internationale Standardbuchnummer |
3929091445 |
| 035 ## - Systemkontrollnummer |
| System-Kontrollnummer |
(DE-627)1615275665 |
| 035 ## - Systemkontrollnummer |
| System-Kontrollnummer |
(DE-576)059663995 |
| 035 ## - Systemkontrollnummer |
| System-Kontrollnummer |
(DE-599)DNB950342300 |
| 035 ## - Systemkontrollnummer |
| System-Kontrollnummer |
(OCoLC)75730275 |
| 040 ## - Katalogisierungsquelle |
| Original-Katalogisierungsstelle |
DE-627 |
| Katalogisierungssprache |
ger |
| Übertragungsstelle |
DE-627 |
| Beschreibungsfestlegungen |
rakwb |
| Bearbeitungsstelle |
DE-2950 |
| 041 ## - Sprachcode |
| Sprachcode des Textes/der Tonspur oder des separaten Titels |
ger |
| 084 ## - Andere Notation |
| Notation |
NZ 15600 |
| Quelle der Nummer |
rvk |
| IDN des Normdatensatzes oder Standardnummer |
(DE-625)rvk/132631: |
| 084 ## - Andere Notation |
| Notation |
RH 35013 |
| Quelle der Nummer |
rvk |
| IDN des Normdatensatzes oder Standardnummer |
(DE-625)rvk/142326:12584 |
| 084 ## - Andere Notation |
| Notation |
NR 6510 |
| Quelle der Nummer |
rvk |
| IDN des Normdatensatzes oder Standardnummer |
(DE-625)rvk/129598: |
| 084 ## - Andere Notation |
| Notation |
15.48 |
| Quelle der Nummer |
bkl |
| 084 ## - Andere Notation |
| Notation |
15.48 |
| Quelle der Nummer |
bkl |
| 245 10 - Titel |
| Titel |
Terra budissinensis. |
| Zusatz zum Titel |
ein Fotoalbum aus dem Land Bautzen. |
| Verfasserangabe etc. |
Rudolf Hartmetz. Kommentar von Hans Mirtschin. Mit einem Essay von Kito Lorenc |
| 263 ## - Geplantes Erscheinungsdatum |
| Geplantes Erscheinungsdatum |
Pp. : DM 59.80 |
| 264 #1 - Produktion, Veröffentlichung, Distribution, Herstellung und Urheberrechtsvermerk |
| Herstellungs-, Veröffentlichungs- Vertriebs-, Erzeugungsort |
Bautzen: |
| Produzent, Herausgeber, Distributor, Hersteller |
Lusatia-Verlar, |
| Datum der Herstellung, der Veröffentlichung, des Vertriebs oder des Urheberschutzvermerks |
1997. |
| 300 ## - Physische Beschreibung |
| Umfang |
179 S. |
| Andere physische Details |
überw. Ill. |
| 336 ## - Inhaltstyp |
| Inhaltstypterm |
unbewegtes Bild |
| Inhaltstypcode |
sti |
| Quelle |
rdacontent |
| 337 ## - Medientyp |
| Bezeichnung des Medientyps |
ohne Hilfsmittel zu benutzen |
| Medientypcode |
n |
| Quelle |
rdamedia |
| 338 ## - Datenträgertyp |
| Datenträgertypbezeichnung |
Band |
| Datenträgertypcode |
nc |
| Quelle |
rdacarrier |
| 650 07 - Nebeneintragung unter einem Schlagwort - Sachschlagwort |
| IDN des Normdatensatzes oder Standardnummer |
(DE-588)4145395-5 |
| -- |
(DE-627)104450835 |
| -- |
(DE-576)209741139 |
| Sachschlagwort oder geografischer Name als Eintragungselement |
Bildband |
| Quelle der Ansetzung oder des Terms |
gnd |
| 653 ## - Indexierungsterm - Nicht normiert |
| Nicht-normierter Term |
Bilderbuch |
| 653 ## - Indexierungsterm - Nicht normiert |
| Nicht-normierter Term |
Nachlass Rudolf Hartmetz |
| 655 #7 - Indexierungsterm - Genre/Form |
| Genre/Form oder fokussierter Term |
Bildband |
| IDN des Normdatensatzes oder Standardnummer |
(DE-588)4145395-5 |
| -- |
(DE-627)104450835 |
| -- |
(DE-576)209741139 |
| Quelle der Ansetzung oder des Terms |
gnd-content |
| 951 ## - EQUIVALENCE OR CROSS-REFERENCE--GEOGRAPHIC NAME/AREA NAME [OBSOLETE] [CAN/MARC only] |
| Geografischer Name |
BO |
| 700 1# - Nebeneintragung - Personenname |
| Personenname |
Hartmetz, Rudolf |
| Datumsangaben in Verbindung mit einem Namen |
1941-2007 |
| IDN des Normdatensatzes oder Standardnummer |
(DE-588)124537235 |
| -- |
(DE-627)363405577 |
| -- |
(DE-576)215975081 |
| Code für Beziehungskennzeichnung |
oth |
| 700 1# - Nebeneintragung - Personenname |
| Personenname |
Mirtschin, Hans |
| Datumsangaben in Verbindung mit einem Namen |
1939- |
| IDN des Normdatensatzes oder Standardnummer |
(DE-588)124537227 |
| -- |
(DE-627)363405569 |
| -- |
(DE-576)294220836 |
| Code für Beziehungskennzeichnung |
oth |
| 936 rv - OCLC/CONSER MISCELLANEOUS DATA (OCLC); PIECE USED FOR CATALOGING (pre-AACR2) (RLIN) |
| OCLC control number(s) of parallel record(s) (OCLC); Piece used for cataloging, PUC (RLIN) |
NZ 15600 |
| 936 rv - OCLC/CONSER MISCELLANEOUS DATA (OCLC); PIECE USED FOR CATALOGING (pre-AACR2) (RLIN) |
| OCLC control number(s) of parallel record(s) (OCLC); Piece used for cataloging, PUC (RLIN) |
RH 35013 |
| 936 rv - OCLC/CONSER MISCELLANEOUS DATA (OCLC); PIECE USED FOR CATALOGING (pre-AACR2) (RLIN) |
| OCLC control number(s) of parallel record(s) (OCLC); Piece used for cataloging, PUC (RLIN) |
NR 6510 |
| 936 bk - OCLC/CONSER MISCELLANEOUS DATA (OCLC); PIECE USED FOR CATALOGING (pre-AACR2) (RLIN) |
| OCLC control number(s) of parallel record(s) (OCLC); Piece used for cataloging, PUC (RLIN) |
15.48 |
| 936 bk - OCLC/CONSER MISCELLANEOUS DATA (OCLC); PIECE USED FOR CATALOGING (pre-AACR2) (RLIN) |
| OCLC control number(s) of parallel record(s) (OCLC); Piece used for cataloging, PUC (RLIN) |
15.48 |
| 942 ## - Zusätzliche Felder (Koha) |
| Klassifikation oder Aufstellungssystematik |
Andere/Generische Klassifikation |
| Koha-Medientyp |
Bücher |